|
|
|
|
| LEADER |
00989cam a2200325 7i4500 |
| 001 |
0000036799 |
| 005 |
20220413090000.0 |
| 007 |
ta |
| 008 |
220303t1983 eng |
| 020 |
|
|
|a 9780593314654
|
| 040 |
|
|
|a MATR
|
| 090 |
0 |
0 |
|a FI 813.54
|b TEV
|
| 100 |
1 |
|
|e Tevis, Walter
|e author
|
| 245 |
1 |
0 |
|a THE QUEEN'S GAMBIT
|c Walter Tevis.
|
| 264 |
|
0 |
|a New York:
|b Vintage Books,
|c 2020.
|
| 300 |
|
|
|a 243 pages;
|c cm.
|
| 336 |
|
|
|a text
|2 rdacontent
|
| 337 |
|
|
|a unmediated
|2 rdamedia
|
| 338 |
|
|
|a volume
|2 rdacarrier
|
| 500 |
|
|
|a Screen adaption
|
| 650 |
|
0 |
|a Orphans --
|x Fiction
|
| 650 |
|
0 |
|a English fiction
|
| 650 |
|
0 |
|a Chess players --
|x Fiction
|
| 650 |
|
0 |
|a Women chess players --
|x Fiction
|
| 650 |
|
0 |
|a Chess --
|x Fiction
|
| 650 |
|
0 |
|a Chess --
|x Tournaments
|
| 650 |
|
0 |
|a Competition (Psychology) --
|x Fiction
|
| 650 |
|
0 |
|a Fear --
|x Fiction
|
| 650 |
|
0 |
|a Drug addiction --
|x Fiction
|
| 999 |
|
|
|a B000041708
|b Book
|c Book
|e Business Information Centre
|